Manual del profesor y clave de respuestas (Registro nro. 1116)

Detalles MARC
000 -LEADER
fixed length control field 02647 a2200217 4500
001 - CONTROL NUMBER
control field 23691
005 - DATE AND TIME OF LATEST TRANSACTION
control field 20260407155523.0
008 - FIXED-LENGTH DATA ELEMENTS--GENERAL INFORMATION
fixed length control field 260407a1964 arg spa d
003 - CONTROL NUMBER IDENTIFIER
control field AR-UNSa-BCEJYS
040 ## - CATALOGING SOURCE
Original cataloging agency AR-UNSa-BCEJYS
Language of cataloging spa
Transcribing agency AR-UNSa-BCEJYS
080 ## - UNIVERSAL DECIMAL CLASSIFICATION NUMBER
Universal Decimal Classification number 330
Common auxiliary subdivision Economía en general
100 1# - MAIN ENTRY--PERSONAL NAME
Personal name Samuelson, Paul A.
245 10 - TITLE STATEMENT
Title Manual del profesor y clave de respuestas
Name of part/section of a work guia de estudio y libro de ejercicios
264 #1 - PRODUCTION, PUBLICATION, DISTRIBUTION, MANUFACTURE, AND COPYRIGHT NOTICE
Place of production, publication, distribution, manufacture Madrid :
Name of producer, publisher, distributor, manufacturer Aguilar
Date of production, publication, distribution, manufacture, or copyright notice 1964
300 ## - PHYSICAL DESCRIPTION
Extent xvi, 241 p.
Dimensions 21 cm.
505 ## - FORMATTED CONTENTS NOTE
Formatted contents note 1. Introducción - 2. Los problemas centrales de toda sociedad económica - 3. Funcionamiento del sistema mixto de empresa capitalista - 4. Elemento de oferta y la demanda - 5. Las empresas: su organización e ingresos - 5. Ingresos individuales y familiares - 7. Economía individual y seguros sociales - 8. Los trabajadores y las relaciones industriales - 9. La funcón económica del estado: el gasto publico. -La regulación de la actividad económica y la financiación del gasto - 10. La función económica del estado: los impuestos federales y las haciendas locales - 11. La renta y el producto nacionales - 12. El ahorro, el consumo y la inversión - 13. La teoría de la determinación de la renta - 14. El ciclo económico y su previsión - 15. Precios y dinero - 16. Elementos del sistema bancario y de la creación de depósitos - 17. La política monetaria de la banca central - 18. Síntesis de la teoría y del análisis de la renta - 19. La política fiscal y el pleno empleo sin inflación - 20. La formación del precio por la oferta y la demanda - 21. La teoría de la demanda y la utilidad - 22. El coste y la oferta - 23. La oferta y la demanda aplicadas en la agricultura - 24. El equilibrio de la empresa: Costes e ingresos - 25. La competencia imperfecta - 26. La teoría de la producción - 27. La formación de los precios de los factores de la producción: la renta de la tierra y otras rentas - 28. Los salarios de competencia y las negociaciones colectivas - 29. El interés y el capital - 30. Beneficios y alicentes - 31. La balanza de pagos internacionales - 32. El comercio internacional y la teoría de los costes comparativos - 33. Teoría de la protección arancelaria y de la libertad de comercio - 34. Los problemas económicos internacionales de la actualidad - 35. Problemas del crecimiento y del desarrollo económico - 36. Problemas del crecimiento económico y de la estabilidad de los precios en una economía avanzada - 37. Los distintos problemas económicos
590 ## - LOCAL NOTE (RLIN)
Local note niveau_biblio:m niveau_hierar:0
700 1# - ADDED ENTRY--PERSONAL NAME
Personal name Robinson, Romney
700 1# - ADDED ENTRY--PERSONAL NAME
Personal name Barinaga Blanco, Jose Luis
942 ## - ADDED ENTRY ELEMENTS (KOHA)
Koha item type
Existencias
Withdrawn status Lost status Damaged status Not for loan Home library Current library Shelving location Date acquired Total checkouts Full call number Barcode Date last seen Price effective from Koha item type
        Biblioteca Prof. Eusebio Cleto del Rey Biblioteca Prof. Eusebio Cleto del Rey   07/04/2026   330 S187m L20814 07/04/2026 07/04/2026 Libro